| 000 | 00664nam a2200217 a 4500 | ||
|---|---|---|---|
| 999 |
_c6952 _d6952 |
||
| 001 | 6952 | ||
| 003 | BD-JhCC | ||
| 005 | 20180218085832.0 | ||
| 008 | 180203s1983 bg a|||| ||a| 001 0 ben d | ||
| 035 | _a(BD-JhCC)6952 | ||
| 040 |
_aBD-JhCC _dBD-JhCC |
||
| 041 | _aben | ||
| 082 |
_a612 _bRAH 1983 |
||
| 100 | _aরহমান, মহম্মদ আবদুর | ||
| 245 |
_aমানব শারীরবিদ্যা / _cমহম্মদ আবদুর রহমান, |
||
| 260 |
_aঢাকা : _bবাংলা একাডেমী, _c1983 |
||
| 300 |
_a413 p. : _c24 cm. |
||
| 650 | _aHuman Physiology | ||
| 942 |
_2ddc _cBK |
||